| 000 | 00405nam a22001457a 4500 | ||
|---|---|---|---|
| 082 | _aP-176 | ||
| 100 |
_aPC-Ahmad Munir Pawwar _947887 |
||
| 245 |
_aDewatering by Subsurface Drains _cPC-Ahmad Munir Pawwar PC-Kashif Hussain |
||
| 260 |
_aRisalpur _bMCE _c13.03.2001 |
||
| 300 | _a85 p.: | ||
| 526 |
_a0 _b0 _c0 _dP_176 |
||
| 650 | _aProject | ||
| 700 |
_aDS Lt Col Muhammad Jamil _947888 |
||
| 942 |
_2ddc _cBK |
||
| 999 |
_c550986 _d550986 |
||